000
00338nam a2200133Ia 4500
008
240624s9999 xx 000 0 und d
041
_a
eng
082
_a
330 HAR
100
_a
HARFORD TIM
245
_a
FIFTY THINGS THAT MADE THE MODERN ECONOM
260
_c
2017
_a
New Delhi
_b
Little Brown
300
_a
343 p.; 23 cm.
365
_c
RS
_b
30
999
_c
29793
_d
29793